000 00756nam a2200229 a 4500
001 000025867
005 20200930024118.0
008 110217s1993 uy r 000 | spa d
040 _aDO-SdBNP
_bspa
_cBNPHU
082 _aU864.2
_bR457e
100 1 _aReyes, Carlos,
_910782
245 1 0 _aEnsayos /
_cCarlos Reyes; prólogo Arturo Sergio Visca.
260 _aMéxico, D. F. :
_bADN :
_bConsejo Nacional para la Cultura y las Artes,
_c1993.
300 _a3 v. ;
_c18 cm.
490 1 _aClásicos Uruguayos
_v85
500 _aIncluye notas al pie de páginas
650 4 _aEnsayos uruguayos
_93053
650 4 _aLiteratura paraguaya
_915641
700 1 _aVisca, Arturo Sergio ,
_epról.
_916277
830 0 _aClásicos Uruguayos,
_v85
_916278
049 _aBNGR
999 _c25359
_d25359